[Event "IECC M1-2011.T035"]
[Site "IECC email"]
[Date "2011.04.14"]
[Round "?"]
[White "Hargreaves, John Richard"]
[Black "Badenhorst, Jack D"]
[Result "1-0"]
[WhiteElo "1564"]
[BlackElo "1326"]
[PlyCount "35"]
[EventDate "2011.??.??"]
[EventType "match (corr)"]
[EventRounds "2"]
[SourceTitle "Corr 2013"]
[Source "ChessBase"]
[SourceDate "2012.11.12"]
[SourceVersion "1"]
[SourceVersionDate "2012.11.12"]
[SourceQuality "1"]
[WhiteTeam "England"]
[BlackTeam "Australia"]
[WhiteTeamCountry "ENG"]
[BlackTeamCountry "AUS"]

1. e4 e5 2. Nf3 Nf6 3. Nxe5 Nxe4 4. Qe2 d5 5. d3 Qe7 6. dxe4 Qxe5 7. exd5 Qxe2+ 8. Bxe2 Bb4+ 9. Bd2 Bxd2+ 10. Nxd2 0-0 11. 0-0 Bf5 12. f4 Bxc2 13. Rfc1 Bf5 14. Rxc7 b6 15. g4 Bc8 16. d6 Be6 17. Rd1 Nd7 18. f5 1-0

[Event "IECC M1-2010.T081"]
[Site "IECC email"]
[Date "2010.11.09"]
[Round "?"]
[White "Soileau, Clany"]
[Black "Badenhorst, Jack D"]
[Result "1-0"]
[WhiteElo "1311"]
[BlackElo "1314"]
[PlyCount "89"]
[EventDate "2010.??.??"]
[EventType "match (corr)"]
[EventRounds "2"]
[SourceTitle "Telechess CBM 145"]
[Source "Chessbase"]
[SourceDate "2011.11.11"]
[SourceVersion "1"]
[SourceVersionDate "2011.11.11"]
[SourceQuality "1"]
[WhiteTeam "US of America"]
[BlackTeam "Australia"]
[WhiteTeamCountry "USA"]
[BlackTeamCountry "AUS"]

1. e4 e5 2. Nf3 Nc6 3. Bc4 Nf6 4. d3 Bc5 5. Bg5 0-0 6. Nc3 h6 7. Bh4 Bb4 8. 0-0 Bxc3 9. bxc3 d6 10. h3 Na5 11. Bb3 b6 12. Nh2 g5 13. Bg3 c5 14. Ng4 Bxg4 15. hxg4 Qd7 16. f3 Rfe8 17. d4 exd4 18. Qd3 Rad8 19. cxd4 c4 20. Bxc4 Nxc4 21. Qxc4 d5 22. exd5 Nxd5 23. Bf2 Nf4 24. Rfe1 Rc8 25. Rxe8+ Qxe8 26. Qb3 Qe2 27. Re1 Qxc2 28. Re8+ Kg7 29. Rxc8 Qxc8 30. Be3 Qe6 31. Bxf4 Qxb3 32. axb3 gxf4 33. Kf2 Kf6 34. g3 Kg5 35. gxf4+ Kxf4 36. Ke2 b5 37. b4 a6 38. Kd3 Kg5 39. Ke4 Kf6 40. Kd5 Ke7 41. Kc6 Ke6 42. d5+ Ke7 43. Kc7 f5 44. d6+ Ke8 45. d7+ 1-0

[Event "IECC CL6-2010.04 email"]
[Site "IECC email"]
[Date "2010.04.19"]
[Round "?"]
[White "Badenhorst, Jack D"]
[Black "Richard, Andy"]
[Result "1/2-1/2"]
[WhiteElo "1232"]
[BlackElo "1386"]
[PlyCount "55"]
[EventDate "2010.??.??"]
[EventType "tourn (corr)"]
[EventRounds "4"]
[SourceTitle "Corr 2013"]
[Source "ChessBase"]
[SourceDate "2012.11.12"]
[SourceVersion "1"]
[SourceVersionDate "2012.11.12"]
[SourceQuality "1"]
[WhiteTeam "Australia"]
[BlackTeam "Greece"]
[WhiteTeamCountry "AUS"]
[BlackTeamCountry "GRE"]

1. e4 e6 2. d4 d5 3. e5 c5 4. c3 Nc6 5. Nf3 Qb6 6. Bd3 cxd4 7. cxd4 Bd7 8. Be3 Qxb2 9. Nc3 Qxc3+ 10. Kf1 Nb4 11. Ne1 Nxd3 12. Nxd3 Bb5 13. Ke2 Qa5 14. Qb3 Bb4 15. Rhd1 Bc4 16. Qc2 Ne7 17. Kf3 Ba3 18. Rab1 b6 19. Bd2 Qa6 20. Bb4 Bxb4 21. Nxb4 Qa3+ 22. Nd3 Qxa2 23. Qxa2 Bxa2 24. Rb2 Bc4 25. Nb4 0-0 26. Nc2 f6 27. exf6 Rxf6+ 28. Ke3 1/2-1/2

[Event "IECC M1-2010.T009"]
[Site "IECC email"]
[Date "2010.01.31"]
[Round "?"]
[White "Badenhorst, Jack D"]
[Black "Simmons, Ernest"]
[Result "1-0"]
[WhiteElo "1156"]
[BlackElo "1144"]
[PlyCount "53"]
[EventDate "2010.??.??"]
[EventType "match (corr)"]
[EventRounds "2"]
[SourceTitle "Corr 2013"]
[Source "ChessBase"]
[SourceDate "2012.11.12"]
[SourceVersion "1"]
[SourceVersionDate "2012.11.12"]
[SourceQuality "1"]
[WhiteTeam "US of America"]
[BlackTeam "England"]
[WhiteTeamCountry "USA"]
[BlackTeamCountry "ENG"]

1. e4 c6 2. Nf3 d5 3. e5 e6 4. d4 h6 5. Be2 Bb4+ 6. Bd2 Bxd2+ 7. Qxd2 Ne7 8. 0-0 b6 9. c4 dxc4 10. Bxc4 Ba6 11. Bxa6 Nxa6 12. Nc3 Nc7 13. Ne4 Nf5 14. Rad1 Qd5 15. Nc3 Qd7 16. a3 0-0-0 17. b4 Nd5 18. Nxd5 Qxd5 19. Qc3 Kb7 20. Rd3 Ne7 21. Nd2 Qd7 22. Ne4 Nd5 23. Qc2 Kb8 24. Nd6 Qe7 25. Qxc6 f5 26. Rc1 Nc7 27. Qb7# 1-0

[Event "IECC Swiss-544.1"]
[Site "IECC email"]
[Date "2009.07.03"]
[Round "?"]
[White "Cooper, Andrew C"]
[Black "Badenhorst, Jack D"]
[Result "0-1"]
[WhiteElo "879"]
[BlackElo "1144"]
[PlyCount "96"]
[EventDate "2009.??.??"]
[EventType "tourn (corr)"]
[EventRounds "1"]
[SourceTitle "Telechess CBM 137"]
[Source "ChessBase"]
[SourceDate "2010.07.15"]
[SourceVersion "1"]
[SourceVersionDate "2010.07.15"]
[SourceQuality "1"]
[WhiteTeam "Australia"]
[BlackTeam "Australia"]
[WhiteTeamCountry "AUS"]
[BlackTeamCountry "AUS"]

1. e4 e5 2. Bc4 Nf6 3. Nf3 Bc5 4. Ng5 0-0 5. 0-0 h6 6. d4 Bxd4 7. Nf3 Bb6 8. Nxe5 Nxe4 9. Qd3 Nf6 10. Qf5 d5 11. Qf4 dxc4 12. Qxc4 Be6 13. Qd3 Qxd3 14. cxd3 Nc6 15. Nxc6 bxc6 16. Be3 Rad8 17. d4 Bxd4 18. Bxd4 Rxd4 19. Nc3 Rfd8 20. h3 Nd5 21. Rad1 Nxc3 22. Rxd4 Ne2+ 23. Kh1 Rxd4 24. a3 Rd2 25. b4 Ra2 26. Re1 Nf4 27. Rc1 Bd5 28. Rc5 Rxa3 29. f3 Nd3 30. Rc2 Nxb4 31. Rb2 c5 32. Re2 a5 33. Re7 c6 34. g4 c4 35. h4 c3 36. g5 c2 37. g6 fxg6 38. Re1 Rb3 39. h5 Rb1 40. Rg1 c1Q 41. Rxc1 Rxc1+ 42. Kh2 a4 43. hxg6 a3 44. Kh3 a2 45. f4 Rg1 46. Kh2 a1Q 47. f5 Rg5 48. f6 Qh1# 0-1

[Event "IECC CL7-2009.04 email"]
[Site "IECC email"]
[Date "2009.06.30"]
[Round "?"]
[White "Badenhorst, Jack D"]
[Black "D'Aragona, Vittoria"]
[Result "1-0"]
[WhiteElo "1134"]
[BlackElo "1991"]
[PlyCount "81"]
[EventDate "2009.??.??"]
[EventType "tourn (corr)"]
[EventRounds "4"]
[SourceTitle "Telechess CBM 137"]
[Source "ChessBase"]
[SourceDate "2010.07.15"]
[SourceVersion "1"]
[SourceVersionDate "2010.07.15"]
[SourceQuality "1"]
[WhiteTeam "Australia"]
[BlackTeam "Italy"]
[WhiteTeamCountry "AUS"]
[BlackTeamCountry "ITA"]

1. d4 Nf6 2. c4 c5 3. d5 b5 4. Nf3 Bb7 5. Nc3 b4 6. Nb1 e6 7. dxe6 fxe6 8. Bg5 Be7 9. e3 0-0 10. Be2 Ne4 11. Bxe7 Qxe7 12. Nbd2 Qf6 13. 0-0 Qxb2 14. Qb1 Qxb1 15. Raxb1 Nc3 16. Ra1 Nxe2+ 17. Kh1 d5 18. Ne5 Na6 19. Nb3 dxc4 20. Na5 Bd5 21. Naxc4 Nb8 22. Na5 Nc6 23. Naxc6 Rfe8 24. Na5 Nd4 25. exd4 cxd4 26. Rfd1 Rac8 27. Rxd4 Rc5 28. Nb3 Bxb3 29. Nd3 Rd5 30. Rxd5 Bxd5 31. h3 b3 32. axb3 Bxb3 33. Rxa7 Bd5 34. Ne5 Rf8 35. Kg1 Rf5 36. Ng4 h5 37. Ne3 Rf7 38. Ra5 g6 39. Nxd5 exd5 40. Rxd5 Kg7 41. Kf1 1-0

[Event "IECC M1-2009.T47"]
[Site "IECC email"]
[Date "2009.04.27"]
[Round "?"]
[White "Badenhorst, Jack D"]
[Black "Robertson, John"]
[Result "0-1"]
[WhiteElo "1093"]
[BlackElo "1031"]
[PlyCount "70"]
[EventDate "2009.??.??"]
[EventType "match (corr)"]
[EventRounds "2"]
[SourceTitle "Corr 2011"]
[Source "ChessBase"]
[SourceDate "2010.08.31"]
[SourceVersion "1"]
[SourceVersionDate "2010.08.31"]
[SourceQuality "1"]
[WhiteTeam "Australia"]
[BlackTeam "Australia"]
[WhiteTeamCountry "AUS"]
[BlackTeamCountry "AUS"]

1. e4 e5 2. Nf3 d6 3. c3 Nf6 4. Bc4 c6 5. d3 b5 6. Bb3 h6 7. Be3 Be7 8. Nbd2 Ng4 9. 0-0 Nxe3 10. fxe3 0-0 11. d4 Nd7 12. a3 Nb6 13. Ba2 Ba6 14. b4 Bc8 15. Bb3 Bg5 16. Nxg5 Qxg5 17. Qe1 Bh3 18. Rf2 Be6 19. Bxe6 fxe6 20. Nb3 Rxf2 21. Qxf2 Rf8 22. Qe2 Nc4 23. Re1 Nxa3 24. Na5 Rc8 25. Rf1 Qg6 26. Qa2 Nc4 27. Nxc4 bxc4 28. Qxc4 Qe8 29. Qa6 Rc7 30. c4 Qg6 31. b5 Qxe4 32. b6 Qxe3+ 33. Rf2 Rf7 34. Qa2 Qe1+ 35. Rf1 Qxf1# 0-1

[Event "IECC Swiss-520.4"]
[Site "IECC email"]
[Date "2009.03.09"]
[Round "?"]
[White "Hackfeld, Michael"]
[Black "Badenhorst, Jack D"]
[Result "1-0"]
[WhiteElo "1391"]
[BlackElo "1070"]
[PlyCount "43"]
[EventDate "2009.??.??"]
[EventType "tourn (corr)"]
[EventRounds "1"]
[SourceTitle "Corr 2011"]
[Source "ChessBase"]
[SourceDate "2010.08.31"]
[SourceVersion "1"]
[SourceVersionDate "2010.08.31"]
[SourceQuality "1"]
[WhiteTeam "US of America"]
[BlackTeam "Australia"]
[WhiteTeamCountry "USA"]
[BlackTeamCountry "AUS"]

1. e4 c5 2. d4 cxd4 3. c3 dxc3 4. Nxc3 Nc6 5. Nf3 g6 6. Bc4 Bg7 7. 0-0 e6 8. Nb5 Nge7 9. Bf4 0-0 10. Bc7 Qe8 11. Nd6 Bxb2 12. Rb1 Bg7 13. Qd2 Ne5 14. Nxe5 Bxe5 15. Nxe8 Bxc7 16. Nxc7 Rb8 17. Qd6 Nc6 18. Bb5 Na5 19. Nxe6 dxe6 20. Qxb8 b6 21. Qxa7 Nb7 22. Qxb6 1-0

[Event "IECC M1-2008.T88"]
[Site "IECC email"]
[Date "2008.12.06"]
[Round "?"]
[White "Cuaycong, Virgilio"]
[Black "Badenhorst, Jack D"]
[Result "1-0"]
[WhiteElo "1154"]
[BlackElo "1110"]
[PlyCount "51"]
[EventDate "2008.??.??"]
[EventType "match (corr)"]
[EventRounds "2"]
[SourceTitle "Corr 2011"]
[Source "ChessBase"]
[SourceDate "2010.08.31"]
[SourceVersion "1"]
[SourceVersionDate "2010.08.31"]
[SourceQuality "1"]
[WhiteTeam "Philippines"]
[BlackTeam "Australia"]
[WhiteTeamCountry "PHI"]
[BlackTeamCountry "AUS"]

1. e4 c5 2. Nf3 Nc6 3. Bb5 e6 4. 0-0 g6 5. Nc3 Bg7 6. Bxc6 bxc6 7. d3 d5 8. Na4 Qe7 9. Bg5 Qb7 10. e5 Ne7 11. Rb1 Qc7 12. Re1 0-0 13. Nxc5 Bb7 14. d4 Nc8 15. Bf6 Nb6 16. Ng5 Nd7 17. Bxg7 Kxg7 18. Ngxe6+ fxe6 19. Nxe6+ Kf7 20. Nxc7 Rac8 21. e6+ Ke7 22. exd7+ Kxd7 23. Ne6 Rf6 24. Nc5+ Kc7 25. Re7+ Kd6 26. Rd7# 1-0

[Event "IECC KO-1072"]
[Site "IECC email"]
[Date "2008.05.28"]
[Round "?"]
[White "Badenhorst, Jack D"]
[Black "Belej, Juan"]
[Result "1/2-1/2"]
[WhiteElo "1069"]
[BlackElo "1101"]
[PlyCount "110"]
[EventDate "2007.??.??"]
[EventType "match (corr)"]
[EventRounds "2"]
[SourceTitle "Corr 2011"]
[Source "ChessBase"]
[SourceDate "2010.08.31"]
[SourceVersion "1"]
[SourceVersionDate "2010.08.31"]
[SourceQuality "1"]
[WhiteTeam "Australia"]
[BlackTeam "Argentina"]
[WhiteTeamCountry "AUS"]
[BlackTeamCountry "ARG"]

1. e4 e6 2. d4 d5 3. e5 c5 4. c3 Nc6 5. Nf3 Qb6 6. b3 cxd4 7. Nxd4 Nxe5 8. Bd3 Bc5 9. Be3 Nf6 10. b4 Bxd4 11. Bxd4 Qc7 12. Qe2 Nxd3+ 13. Qxd3 0-0 14. Bxf6 gxf6 15. Nd2 e5 16. 0-0 Be6 17. Qf3 Rac8 18. Rac1 f5 19. Qg3+ Kh8 20. Rc2 f6 21. a4 d4 22. Rfc1 Qd6 23. Qd3 Rc6 24. b5 Rc7 25. cxd4 Rxc2 26. Rxc2 exd4 27. Nc4 Bxc4 28. Qxc4 d3 29. Rd2 Rd8 30. g3 Qd4 31. Qb3 f4 32. Qf7 Qa1+ 33. Kg2 Qc3 34. Qa2 fxg3 35. hxg3 Kg7 36. Kf3 a5 37. Ke3 Re8+ 38. Kf3 f5 39. Qb2 Qxb2 40. Rxb2 Re4 41. Rb3 Rd4 42. Rb1 Rxa4 43. Rb3 d2 44. Ke2 Rd4 45. Rb1 a4 46. Kd1 a3 47. b6 Kf6 48. Rb5 Rd3 49. Ra5 Kg5 50. Ra7 f4 51. gxf4+ Kxf4 52. Rxb7 Rd8 53. Ra7 Rb8 54. Rxa3 Rxb6 55. Kxd2 h5 1/2-1/2

[Event "IECC KO-1072"]
[Site "IECC email"]
[Date "2008.05.28"]
[Round "?"]
[White "Belej, Juan"]
[Black "Badenhorst, Jack D"]
[Result "1-0"]
[WhiteElo "1085"]
[BlackElo "1085"]
[PlyCount "109"]
[EventDate "2007.??.??"]
[EventType "match (corr)"]
[EventRounds "2"]
[SourceTitle "Corr 2011"]
[Source "ChessBase"]
[SourceDate "2010.08.31"]
[SourceVersion "1"]
[SourceVersionDate "2010.08.31"]
[SourceQuality "1"]
[WhiteTeam "Argentina"]
[BlackTeam "Australia"]
[WhiteTeamCountry "ARG"]
[BlackTeamCountry "AUS"]

1. d4 Nf6 2. c4 e6 3. Nc3 Bb4 4. Qc2 0-0 5. a3 Bxc3+ 6. Qxc3 d5 7. Bg5 h6 8. Bh4 c5 9. cxd5 Nxd5 10. Bxd8 Nxc3 11. Be7 Re8 12. Bxc5 Nd5 13. e4 Nf6 14. e5 Nd5 15. Bc4 b6 16. Bxd5 exd5 17. Bb4 Nc6 18. Bc3 f6 19. f4 Kf7 20. Nf3 Ba6 21. 0-0-0 Bc4 22. Be1 Rac8 23. Rd2 Na5 24. Kb1 Nb3 25. Rf2 Bd3+ 26. Ka2 Nc1+ 27. Ka1 Ne2 28. Bd2 Rc2 29. Ne1 Rxd2 30. Nxd3 Rxd3 31. Rxe2 f5 32. g3 Rc8 33. Ree1 Rxd4 34. Rd1 Rxd1+ 35. Rxd1 Ke6 36. Kb1 b5 37. Rc1 Rc4 38. b3 Rxc1+ 39. Kxc1 a5 40. a4 b4 41. Kd2 g5 42. Kd3 h5 43. h4 g4 44. Kd4 Ke7 45. Kxd5 Kd7 46. Kc5 Kc7 47. Kb5 Kd7 48. Kxa5 Kc6 49. Kxb4 Kb6 50. a5+ Kc6 51. a6 Kb6 52. e6 Kxa6 53. e7 Kb7 54. e8Q Kb6 55. Qd7 1-0

[Event "IECC Swiss-520.2"]
[Site "IECC email"]
[Date "2007.07.30"]
[Round "?"]
[White "Badenhorst, Jack D"]
[Black "Legarda Iturrioz, Jose Javier"]
[Result "0-1"]
[WhiteElo "1099"]
[BlackElo "1495"]
[PlyCount "72"]
[EventDate "2007.??.??"]
[EventType "swiss (corr)"]
[EventRounds "1"]
[SourceTitle "Corr 2011"]
[Source "ChessBase"]
[SourceDate "2010.08.31"]
[SourceVersion "1"]
[SourceVersionDate "2010.08.31"]
[SourceQuality "1"]
[WhiteTeam "England"]
[BlackTeam "Poland"]
[WhiteTeamCountry "ENG"]
[BlackTeamCountry "POL"]

1. e4 e5 2. Nf3 Nc6 3. Bb5 a6 4. Ba4 d6 5. c3 Bd7 6. d4 g6 7. 0-0 Bg7 8. d5 Nce7 9. Bxd7+ Qxd7 10. c4 h6 11. Nc3 f5 12. exf5 gxf5 13. Nh4 Nf6 14. f4 e4 15. Be3 0-0 16. Bd4 c5 17. dxc6 bxc6 18. b4 Qe6 19. Rc1 Kh7 20. Kh1 Rg8 21. c5 d5 22. g3 Ng4 23. h3 Nf6 24. Rg1 Rab8 25. a3 Rb7 26. Na4 Nd7 27. g4 Bxd4 28. Qxd4 fxg4 29. Rcf1 Nf5 30. Nxf5 Qxf5 31. hxg4 Rxg4 32. Rxg4 Qxg4 33. Kh2 Qh4+ 34. Kg1 Nf6 35. Qf2 Rg7+ 36. Qg2 Rxg2+ 0-1

[Event "IECC Swiss-511.3"]
[Site "IECC email"]
[Date "2007.04.22"]
[Round "?"]
[White "Badenhorst, Jack D"]
[Black "Ralls, Richard Nelson"]
[Result "0-1"]
[WhiteElo "1100"]
[BlackElo "2081"]
[PlyCount "62"]
[EventDate "2007.??.??"]
[EventType "swiss (corr)"]
[EventRounds "1"]
[SourceTitle "Corr 2011"]
[Source "ChessBase"]
[SourceDate "2010.08.31"]
[SourceVersion "1"]
[SourceVersionDate "2010.08.31"]
[SourceQuality "1"]
[WhiteTeam "Czech Republic"]
[BlackTeam "US of America"]
[WhiteTeamCountry "CZE"]
[BlackTeamCountry "USA"]

1. d4 d5 2. c4 e6 3. Bf4 Nf6 4. Nc3 Bd6 5. Bxd6 cxd6 6. e3 Qb6 7. b3 Nc6 8. Bd3 Nb4 9. Nf3 0-0 10. 0-0 Nxd3 11. Qxd3 Bd7 12. cxd5 exd5 13. Ng5 Qa5 14. b4 Qa3 15. Rac1 Rac8 16. Qd2 Qxb4 17. f3 Rc4 18. Qd3 Qa3 19. Qd2 Rfc8 20. Ne2 b5 21. g4 b4 22. Nh3 h5 23. Nf2 hxg4 24. f4 Re8 25. Nd1 Ne4 26. Qb2 Qd3 27. Nf2 Qxe3 28. Rxc4 dxc4 29. Qc2 g3 30. hxg3 Nxg3 31. Nxg3 Qxg3+ 0-1

[Event "IECC M-5379"]
[Site "IECC email"]
[Date "2005.12.10"]
[Round "?"]
[White "Badenhorst, Jack D"]
[Black "Virgili, Alberto"]
[Result "0-1"]
[WhiteElo "1038"]
[BlackElo "1175"]
[PlyCount "56"]
[EventDate "2005.??.??"]
[EventType "tourn (corr)"]
[EventRounds "10"]
[SourceTitle "Corr 2008"]
[Source "ChessBase"]
[SourceDate "2008.06.24"]
[SourceVersion "1"]
[SourceVersionDate "2008.06.24"]
[SourceQuality "1"]

1. d4 e5 2. d5 Bc5 3. Nf3 Nf6 4. c4 Ne4 5. e3 d6 6. Bd3 Bb4+ 7. Bd2 Nxd2 8. Nbxd2 0-0 9. a3 Ba5 10. b4 Bb6 11. Qc2 f5 12. Nh4 Qxh4 13. g3 Qf6 14. 0-0 e4 15. Bxe4 fxe4 16. Nxe4 Qg6 17. Ra2 Bf5 18. Qe2 Bxe4 19. f3 Bd3 20. Qd2 Bxf1 21. Kxf1 Qh6 22. f4 Re8 23. Qd1 Qh3+ 24. Kg1 Rxe3 25. Kh1 Rxg3 26. Qe1 Re3 27. Re2 Qf3+ 28. Rg2 Rxe1# 0-1

[Event "IECC Swiss-478.4"]
[Site "IECC email"]
[Date "2005.08.28"]
[Round "?"]
[White "Booth, Grahame"]
[Black "Badenhorst, Jack D"]
[Result "1-0"]
[WhiteElo "1141"]
[BlackElo "1060"]
[PlyCount "87"]
[EventDate "2005.??.??"]
[EventType "swiss (corr)"]
[EventRounds "1"]
[SourceTitle "Corr 2008"]
[Source "ChessBase"]
[SourceDate "2008.06.24"]
[SourceVersion "1"]
[SourceVersionDate "2008.06.24"]
[SourceQuality "1"]

1. e4 c5 2. Nf3 Nc6 3. Nc3 g6 4. Bc4 Bg7 5. 0-0 e6 6. d3 b6 7. Nb5 d5 8. exd5 exd5 9. Bg5 Nf6 10. Bxd5 Bb7 11. Qe2+ Qe7 12. Nc7+ Kf8 13. Qxe7+ Kxe7 14. Nxa8 Bxa8 15. Rfe1+ Kd6 16. Bf4+ Kd7 17. Bxc6+ Bxc6 18. Ne5+ Kc8 19. Nxc6 Nd5 20. Nxa7+ Kb7 21. c4 Nxf4 22. Re7+ Ka6 23. Rxf7 Bd4 24. Rd1 Ne6 25. Nc6 b5 26. Re7 Nd8 27. Nxd4 cxd4 28. b3 b4 29. a4 Nc6 30. Re6 Kb7 31. c5 Na5 32. Rb6+ Kc7 33. Re1 Rd8 34. Re7+ Rd7 35. Rxd7+ Kxd7 36. Rxb4 Nc6 37. Rb7+ Ke6 38. b4 Ne5 39. a5 Nxd3 40. a6 Nxc5 41. bxc5 d3 42. Rb2 Kd5 43. a7 Kc4 44. a8Q 1-0

[Event "IECC M-5271"]
[Site "IECC email"]
[Date "2005.06.21"]
[Round "?"]
[White "Badenhorst, Jack D"]
[Black "Wittie, Mark"]
[Result "1-0"]
[WhiteElo "1080"]
[BlackElo "1177"]
[PlyCount "75"]
[EventDate "2005.??.??"]
[EventType "tourn (corr)"]
[EventRounds "10"]
[SourceTitle "Corr 2008"]
[Source "ChessBase"]
[SourceDate "2008.06.24"]
[SourceVersion "1"]
[SourceVersionDate "2008.06.24"]
[SourceQuality "1"]

1. e4 e5 2. Nf3 Nc6 3. c3 Nf6 4. Qc2 d5 5. d3 Be6 6. Bg5 d4 7. Be2 h6 8. Bd2 Bd6 9. 0-0 Bg4 10. a4 Bxf3 11. Bxf3 dxc3 12. bxc3 0-0 13. Be3 Qd7 14. Nd2 Na5 15. h3 c5 16. d4 Qc7 17. d5 c4 18. Bg4 Bc5 19. Nf3 Bxe3 20. fxe3 Qc5 21. Rae1 h5 22. Bf5 g6 23. Nxe5 Qd6 24. Nxg6 fxg6 25. Bxg6 Kg7 26. Bf5 Ng4 27. hxg4 hxg4 28. Qe2 Rh8 29. Qxg4+ Kf8 30. Be6+ Ke8 31. Qg6+ Kd8 32. Qf6+ Kc7 33. e5 Qa3 34. Rc1 Qxa4 35. Qe7+ Kb6 36. Qd6+ Nc6 37. Rb1+ Ka6 38. Ra1 1-0

[Event "IECC CL6-2004.26 email"]
[Site "IECC email"]
[Date "2004.01.12"]
[Round "?"]
[White "Badenhorst, Jack D"]
[Black "Weller, Torsten"]
[Result "1-0"]
[WhiteElo "1023"]
[BlackElo "994"]
[PlyCount "49"]
[EventDate "2004.??.??"]
[EventType "tourn (corr)"]
[EventRounds "4"]
[SourceTitle "Corr 2008"]
[Source "ChessBase"]
[SourceDate "2008.06.24"]
[SourceVersion "1"]
[SourceVersionDate "2008.06.24"]
[SourceQuality "1"]

1. e4 e5 2. Nf3 Nc6 3. Bc4 Bc5 4. Ng5 Qxg5 5. 0-0 Nf6 6. d4 Bxd4 7. Bxg5 Bxb2 8. Nd2 Bxa1 9. Qxa1 d6 10. a3 Be6 11. Bxe6 fxe6 12. Qb2 0-0-0 13. Qb5 a6 14. Qb3 Rhe8 15. Rb1 b6 16. Qa4 Kb7 17. Bxf6 gxf6 18. Nc4 Rb8 19. Qb3 Ka7 20. Qh3 f5 21. exf5 exf5 22. Qxh7 Re7 23. Qxf5 Rbe8 24. Qe4 Nd4 25. Na5 1-0

[Event "IECC CL6-2004.26 email"]
[Site "IECC email"]
[Date "2004.01.12"]
[Round "?"]
[White "Harper, Roy"]
[Black "Badenhorst, Jack D"]
[Result "1-0"]
[WhiteElo "1142"]
[BlackElo "992"]
[PlyCount "33"]
[EventDate "2004.??.??"]
[EventType "tourn (corr)"]
[EventRounds "4"]
[SourceTitle "Corr 2008"]
[Source "ChessBase"]
[SourceDate "2008.06.24"]
[SourceVersion "1"]
[SourceVersionDate "2008.06.24"]
[SourceQuality "1"]

1. e4 c5 2. Bc4 Nc6 3. Nf3 g6 4. 0-0 Bg7 5. c3 Nf6 6. e5 Ng8 7. d4 cxd4 8. cxd4 d6 9. exd6 Qxd6 10. Nc3 Nxd4 11. Nxd4 Qxd4 12. Qb3 e6 13. Rd1 Qg4 14. Qb5+ Ke7 15. Qc5+ Kf6 16. Ne4+ Qxe4 17. Qg5# 1-0

[Event "IECC O email"]
[Site "IECC email"]
[Date "2003.09.30"]
[Round "?"]
[White "Badenhorst, Jack D"]
[Black "Smith, Richard"]
[Result "0-1"]
[WhiteElo "1015"]
[BlackElo "1231"]
[PlyCount "60"]
[EventDate "2003.??.??"]
[EventType "tourn (corr)"]
[EventRounds "6"]
[SourceTitle "Corr 2008"]
[Source "ChessBase"]
[SourceDate "2008.06.24"]
[SourceVersion "1"]
[SourceVersionDate "2008.06.24"]
[SourceQuality "1"]

1. e4 d6 2. d4 Nf6 3. Nc3 g6 4. Bg5 Bg7 5. Nf3 h6 6. Be3 0-0 7. Qd2 Ng4 8. Be2 Nxe3 9. Qxe3 c6 10. 0-0 Nd7 11. Rad1 Qb6 12. b3 Qb4 13. Nh4 e5 14. d5 Nb6 15. Nb1 cxd5 16. a3 Qxe4 17. Qxe4 dxe4 18. Rxd6 g5 19. Rfd1 gxh4 20. Rd8 Rxd8 21. Rxd8+ Bf8 22. Nc3 Bf5 23. Rxa8 Nxa8 24. a4 Nc7 25. h3 e3 26. Bd3 Bxd3 27. cxd3 Nd5 28. Nxd5 e2 29. Nf6+ Kg7 30. Nh5+ Kg6 0-1

[Event "IECC O email"]
[Site "IECC email"]
[Date "2003.09.30"]
[Round "?"]
[White "Ramieri, Paolo"]
[Black "Badenhorst, Jack D"]
[Result "1/2-1/2"]
[WhiteElo "1000"]
[BlackElo "1015"]
[PlyCount "77"]
[EventDate "2003.??.??"]
[EventType "tourn (corr)"]
[EventRounds "6"]
[SourceTitle "Corr 2008"]
[Source "ChessBase"]
[SourceDate "2008.06.24"]
[SourceVersion "1"]
[SourceVersionDate "2008.06.24"]
[SourceQuality "1"]

1. e4 c6 2. d4 d5 3. Nc3 dxe4 4. Nxe4 Bf5 5. Ng3 Bg6 6. h4 h6 7. Nf3 e6 8. c3 Bd6 9. Bd3 Qc7 10. Ne4 Nd7 11. Nxd6+ Qxd6 12. Bxg6 fxg6 13. Qd3 e5 14. Qe2 0-0-0 15. dxe5 Qe6 16. Bf4 Ne7 17. Nd4 Qd5 18. f3 Rhe8 19. e6 Nc5 20. b3 Nxe6 21. Nxe6 Nf5 22. Rd1 Qxe6 23. Qxe6+ Rxe6+ 24. Kf2 Rxd1 25. Rxd1 Nxh4 26. Rd6 Rxd6 27. Bxd6 Nf5 28. Be5 h5 29. g4 hxg4 30. fxg4 Nh6 31. Kf3 Kd7 32. Bxg7 Nf7 33. a4 Ke6 34. Kf4 b5 35. Bd4 a6 36. c4 bxa4 37. bxa4 g5+ 38. Kf3 Nd6 39. Be3 1/2-1/2

[Event "IECC M email"]
[Site "IECC email"]
[Date "2003.09.03"]
[Round "?"]
[White "Badenhorst, Jack D"]
[Black "McGinnes, Benjamin"]
[Result "0-1"]
[WhiteElo "1026"]
[BlackElo "1139"]
[PlyCount "116"]
[EventDate "2003.??.??"]
[EventType "tourn (corr)"]
[EventRounds "6"]
[SourceTitle "Corr 2008"]
[Source "ChessBase"]
[SourceDate "2008.06.24"]
[SourceVersion "1"]
[SourceVersionDate "2008.06.24"]
[SourceQuality "1"]

1. e4 e5 2. Nf3 Nc6 3. Nc3 Nf6 4. Bc4 Bc5 5. d3 d6 6. 0-0 Bg4 7. h3 Bh5 8. Bg5 h6 9. Bd2 Nd4 10. Nd5 c6 11. Nc3 b5 12. Bb3 Nxf3+ 13. gxf3 Nh7 14. Kh2 Ng5 15. Bxg5 Qxg5 16. Ne2 Bxf3 17. Rg1 Qh5 18. Ng3 Bxd1 19. Nxh5 Bxh5 20. Rxg7 0-0-0 21. Bxf7 Bxf7 22. Rxf7 Rhf8 23. Rf5 Rxf5 24. exf5 Rf8 25. f3 Rxf5 26. Kg3 Rg5+ 27. Kh2 Be3 28. Re1 Bf4+ 29. Kh1 Rg3 30. Kh2 Rxf3+ 31. Kg2 Rg3+ 32. Kf1 Rxh3 33. Re2 Rh1+ 34. Kf2 a5 35. c3 a4 36. d4 Rh2+ 37. Kf3 Rxe2 38. Kxe2 e4 39. b3 h5 40. c4 h4 41. Kf1 Be3 42. d5 Kc7 43. Ke2 bxc4 44. bxc4 Bc5 45. Kf1 e3 46. Ke2 h3 47. Kf1 h2 48. Kg2 e2 49. Kxh2 e1Q 50. a3 cxd5 51. cxd5 Bxa3 52. Kg2 Qe4+ 53. Kf2 Qxd5 54. Ke3 Bc5+ 55. Ke2 a3 56. Ke1 a2 57. Ke2 Qb3 58. Kd2 a1Q 0-1